000 00501cam a2200169 a 4500
001 000014496
005 20200929163847.0
008 741211s1974 ohuac 000 0 eng d
020 _a0827802617
040 _aDO-SdBNP
_bspa
_cBNPHU
082 _axxx
_bB562w
100 1 _aBetancourt, Jeanne.
_932736
245 1 0 _aWomen in focus /
_cJeanne Betancourt.
260 _aDayton, Ohio :
_bPflaum Publishing,
_c1974.
300 _axxii, 186 p. :
_bil., retrs. ;
_c23 cm.
504 _aBibliografía: p. 168-181.
999 _c14085
_d14085